| 000 | 00713nam a2200193 a 4500 | ||
|---|---|---|---|
| 003 | 0 | ||
| 005 | 20250421101510.0 | ||
| 008 | 060801s19uu xx 00 eng d | ||
| 050 |
_aPHS LC 3965 _b.K56 2006 |
||
| 100 | _aKim, You Jin. | ||
| 245 |
_aThe Perceived effects of mainstreaming on the learning process of autistic children / _cYou Jin Kim. |
||
| 260 |
_aLas PiƱas City, Philippines : _bSouthville International School and Colleges, _c2006. |
||
| 300 |
_a27 pages : _billustrations ; _c28 cm. |
||
| 504 | _aIncludes bibliographical references. | ||
| 650 |
_aAutistic children _xEducation. |
||
| 650 | _aMainstreaming in education. | ||
| 650 | _aAutism spectrum disorders in children. | ||
| 942 |
_2lcc _cPASS |
||
| 999 |
_c97628 _d97628 |
||